Instalaciones de televisión educativa: guía para una programación
Na minha lista:
| Principais autores: | , |
|---|---|
| Formato: | Livro |
| Idioma: | espanhol |
| Publicado em: |
Ciudad de México
Diana
1972
|
| Assuntos: | |
| Tags: |
Adicionar Tag
Sem tags, seja o primeiro a adicionar uma tag!
|
MARC
| LEADER | 00000nam a2200000 a 4500 | ||
|---|---|---|---|
| 001 | UCU0381 | ||
| 003 | CL-VaPUC | ||
| 008 | 960322e19720000MX |||||||||||||||||spa|d | ||
| 082 | 0 | 4 | |a 371.335 |b WIT |2 21 |
| 100 | 0 | |a Witherspoon, John |e author |9 355486 | |
| 700 | 0 | |a Kessler, William J |e author |9 355487 | |
| 245 | 1 | 0 | |a Instalaciones de televisión educativa: guía para una programación |
| 300 | |a 102 p | ||
| 942 | |c BK | ||
| 945 | |d 19960322 00:00:00 |a cmena | ||
| 260 | |a Ciudad de México |b Diana |c 1972 | ||
| 650 | 7 | |a TELEVISION EDUCATIVA |2 CL-VaPUC |9 310717 | |
| 650 | 0 | |a Medios de comunicación de masas |9 257273 | |
| 650 | 7 | |a PRODUCCION TELEVISIVA |2 CL-VaPUC |9 327785 | |
| 650 | 7 | |a TELEVISON |2 CL-VaPUC |9 355488 | |
| 650 | 0 | |a Tecnología educacional |9 307265 | |
| 583 | |a last modification |c 19960322 00:00:00 |k Rodrigo Vera | ||
| 999 | |c 245240 |d 245238 | ||
| 952 | |0 0 |1 0 |4 0 |6 371_335000000000000_WIT_1972 |7 0 |8 P |9 259694 |a BIBEDU |b BIBEDU |c BIBEDU_PB |d 2019-11-19 |i 1632914 |o 371.335 WIT 1972 |p 1632914 |r 2024-01-25 |w 2019-11-19 |y BK |k EDU | ||